| 000 | 01108 a2200289 4500 | ||
|---|---|---|---|
| 003 | OSt | ||
| 005 | 20180116192328.0 | ||
| 008 | 120420t xxu||||| |||| 00| 0 eng d | ||
| 010 | _a 2007043064 | ||
| 020 | _a9780415411516 (hbk : alk. paper) | ||
| 020 | _a0415411513 (hbk : alk. paper) | ||
| 035 | _a(OCoLC)ocn175057227 | ||
| 035 | _a(OCoLC)175057227 | ||
| 040 | _c0 | ||
| 082 | 0 | 0 | _a720.9 |
| 100 | 1 |
_aVellinga, Marcel. _9915 |
|
| 245 | 1 | 0 |
_aAtlas of vernacular architecture of the world / _cMarcel Vellinga, Paul Oliver and Alexander Bridge. |
| 260 |
_aAbingdon, Oxon ; _aNew York : _bRoutledge, _c2007. |
||
| 300 |
_axxvi, 150 p. : _bcol. ill., maps (chiefly col.) ; _c29 cm. |
||
| 500 | _aSupplements: Encyclopedia of vernacular architecture of the world. | ||
| 650 | 0 |
_aVernacular architecture _9916 |
|
| 700 | 1 |
_aOliver, Paul, _d1927- _9917 |
|
| 700 | 1 |
_aBridge, Alexander, _d1971- _9918 |
|
| 856 | 4 | 1 |
_3Table of contents only _uhttp://www.loc.gov/catdir/toc/ecip082/2007043064.html |
| 942 |
_aSADA _cBK _kREF 720.9 VEL 2007 _2ddc |
||
| 999 |
_c352270 _d352270 |
||